Postavenie medzinárodných ekonomických organizácií v procese globalizácie bakalárska práca

Salvato in:
Dettagli Bibliografici
Autore principale: Zdeneková, Martina
Ente Autore: Obchodná fakulta EU. Katedra medzinárodného obchodu
Altri autori: Vargová, Andrea
Natura: Libro
Lingua:slovacco
Pubblicazione: Bratislava 2018
Tags: Aggiungi Tag
Nessun Tag, puoi essere il primo ad aggiungerne!!

MARC

LEADER 00000nbm a2200000 4500
001 0247340
005 20181219105515.5
041 0 |a slo 
044 |a SK 
245 1 0 |a Postavenie medzinárodných ekonomických organizácií v procese globalizácie  |b bakalárska práca  |c Martina Zdeneková ; školiteľ: Andrea Krajčíková 
264 1 |a Bratislava  |c 2018 
300 |a 40 s. 
100 1 |a Zdeneková, Martina 
700 1 |a Vargová, Andrea 
710 2 |a Obchodná fakulta EU. Katedra medzinárodného obchodu